00556 2200193 4500001002100000005001500021035002000036245006200056100001600118250002000134300004200154856003100196700001600227260006000243082000800303084001400311020002200325600001500347INLIS00000000114851720260603102525 a0010-06260000501 aLA GALIGO :bLahirnya Kembar Emas /cPenulis: Idwar Anwar0 aIdwar Anwar aCetakan Pertama a254 halaman :b- ;c19x12,5cmeKertas aPERPUSTAKAAN KOTA MAKASSAR0 aIdwar Anwar aMakassar :bPustaka Sawerigading (Arung Pustaka),c2013 a930 a930 IDW l a978-602-18651-6-3 4aBuku Lokal